Train series in the netherlands - Statistics

General Stats
  • This quiz has been taken 8 times
  • The average score is 88 of 156
Answer Stats
Answer % Correct
100
100%
1000
100%
1100
100%
120
100%
140
100%
150
100%
1500
100%
220
100%
400
100%
500
100%
600
100%
700
100%
800
100%
900
100%
1400
88%
1600
88%
1700
88%
1800
88%
2000
88%
250
88%
3000
88%
4000
88%
5000
88%
6000
88%
7000
88%
1900
75%
2100
75%
2200
75%
2300
75%
240
75%
2600
75%
2800
75%
2900
75%
3100
75%
3200
75%
3300
75%
3400
75%
3500
75%
3600
75%
3700
75%
3800
75%
3900
75%
420
75%
4300
75%
4400
75%
450
75%
4500
75%
4600
75%
4700
75%
4800
75%
4900
75%
5100
75%
5200
75%
5300
75%
5400
75%
5500
75%
5600
75%
5700
75%
5800
75%
5900
75%
6100
75%
6200
75%
6300
75%
6400
75%
6500
75%
6600
75%
6700
75%
6800
75%
6900
75%
7100
75%
7200
75%
7300
75%
7400
75%
7500
75%
7600
75%
7700
75%
7800
75%
7900
75%
8000
75%
8100
63%
8500
63%
8600
63%
8700
63%
8800
63%
8900
63%
9000
63%
9100
63%
9200
63%
9300
63%
9600
63%
9900
63%
11600
50%
11700
50%
10400
38%
10500
38%
10600
38%
11400
38%
12200
38%
13500
38%
13800
38%
13900
38%
14000
38%
14400
38%
14900
38%
15100
38%
15600
38%
15800
38%
17800
38%
20000
38%
20050
38%
20100
38%
20200
38%
20300
38%
15400
25%
17900
25%
18900
25%
19800
25%
21400
25%
22400
25%
23400
25%
25400
25%
37000
25%
37100
25%
37200
25%
37300
25%
37400
25%
37500
25%
37600
25%
37700
25%
37800
25%
37900
25%
20350
13%
28300
13%
29600
13%
30400
13%
30700
13%
30800
13%
30900
13%
31000
13%
31100
13%
31200
13%
31300
13%
31400
13%
32000
13%
32100
13%
32200
13%
32300
13%
32400
13%
32500
13%
32700
13%
33200
13%
34000
13%
36700
13%
36800
13%
36900
13%
39300
13%
No matching quizzes found
Score Distribution
Percent of People with Each Score
Percentile by Number Answered
Your Score History
You have not taken this quiz